| 000 | 00621nam a2200157Ia 4500 | ||
|---|---|---|---|
| 008 | 151213s9999 xx 000 0 und d | ||
| 100 | _aআবু তাহের মজুমদার। | ||
| 245 |
_aস্যার উইলিয়াম জোন্স : জীবন ও সাহিত্য॥ _cআবু তাহের মজুমদার। |
||
| 250 | _a১ম সং | ||
| 260 |
_aঢাকা _bবাংলা একাডেমী। _c2006 |
||
| 300 | _a4297 p. | ||
| 650 | _aBangla | ||
| 650 | _aজীবনী। | ||
| 700 | _aআবু তাহের মজুমদার। | ||
| 999 |
_c2711 _d2711 |
||